| 000 | 02042nam a22002777a 4500 | ||
|---|---|---|---|
| 008 | 170902s2015 cl||||| |||| 00| 0 spa d | ||
| 020 | _a9789563587043 | ||
| 082 |
_a707 _bF363c |
||
| 100 | 1 |
_aFernández, Leslie. _95955 |
|
| 245 | 1 | 0 |
_aCasapoli Residencias : _bcontexto y territorio ciclo 2014 / _ceditado por Leslie Fernández y Oscar Concha ; textos por Ignacio Szmulewicz y David Romero ; traducción por Isidora Ortiz. |
| 250 | _a1a edición. | ||
| 260 |
_aConcepción, Chile : _bCasapoli ; Consejo Nacional de la Cultura y las artes, _c2015. |
||
| 300 |
_a116 páginas : _bilustraciones en color. |
||
| 505 | 0 |
_tResidencias Casapoli / Residencies at Casapoli. _tRitos de paso / Rites of passage _rJuan Castillo. _tProyecto n / N project _rRainer Krause. _tLo que queda del paisaje / What is left from the landscape _rMiguel Godoy. _tRuta / Route _rAlejandro Valencia. _tTejedora de malezas / Weeds weaver _rRosa Valdivia. _tManual de oficios para Coliumo / Trades manual for Coliumo _rFelipe Duart. _tLa olla común - Proyecto Coliumo / Potluck - Coliumo Project _rAdolfo Torres. _tCuatro ensayos de un fin del mundo / Four essays on and end of the world / _rColectivo SE VENDE. _tVagando / Wandering _rSimon Wunderlich. _tResidentes Permanentes / Permanent Residents. _tEn el mar del sur: residencia para artistas contemporáneos en Casapoli / Sea of the south: residencies for contemporary artists at Casapoli _rIgnacio Szmulewicz. _tResidencias Casapoli: ejercicios en el linde del arte y el paisaje / Residencies at Casapoli: an exercise between the boundaries of art and landscape _rDavid Romero. |
|
| 653 | 1 | 0 | _aArte contemporáneo |
| 653 | 1 | 0 | _aArte - Chile |
| 653 | 1 | 0 | _aResidencias artísticas |
| 653 | 1 | 0 | _aEncuentros artísticos |
| 653 | 1 | 0 | _aInvestigación artística |
| 653 | 1 | 0 | _aIntercambio artístico colaborativo |
| 653 | 1 | 0 | _aOrganizaciones artísticas independientes |
| 700 | 1 |
_aConcha, Oscar. _95956 |
|
| 700 | 1 |
_aSzmulewicz, Ignacio. _95957 |
|
| 700 | 1 |
_aRomero, David. _95958 |
|
| 700 | 1 |
_aOrtiz, Isidora. _etraductora. _95959 |
|
| 999 |
_c1272 _d1272 |
||